| 000 | 00661cab a2200205 4500 | ||
|---|---|---|---|
| 001 | WB2820-57 | ||
| 008 | 090401t1992 xxu||||| |||| 00| 0 eng d | ||
| 035 | _a(Sirsi) u13078 | ||
| 041 | _aeng | ||
| 245 | _aNew timeshare scam | ||
| 260 | _c1992 | ||
| 350 | _a0 | ||
| 490 |
_aDaily Telegraph _v17 May 1992, 39(1) |
||
| 520 | _aThousands of people desperate to unload unwanted timeshare properties are handing over their money to firms cashing in on yet another way the industry has found to make money, the resale company. | ||
| 650 | _aFRAUD | ||
| 650 | _aTIMESHARE PROPERTY | ||
| 690 | _aPROPERTY LAW AND PRACTICE | ||
| 942 | _n0 | ||
| 948 | _c04/03/1997 | ||
| 999 |
_c8408 _d8408 |
||